Oitava Revisô da Constituiȯ̂ Portuguesa Anotaȯ̂ Sobre os Projectos, Regime Autonm̤ico e Representante da Repb︢lica para as Regie̳s Autn̤omas /

Detalles Bibliográficos
Autor principal: Ourique, Arnaldo
Formato: eBook
Lenguaje:portugués
Publicado: Lisboa : Universidade de Lisboa, 2010
Materias:
Acceso en línea:Acceso restringido

MARC

LEADER 00000nam a22000007a 4500
005 20120705173810.0
007 cr|||| ||||
008 120705s2010 po |||||s|||| 00||0 por d
035 |a 6503 
040 |a vLex 
090 |c 3269  |d 3269 
100 1 |a Ourique, Arnaldo  
245 1 0 |a Oitava Revisô da Constituiȯ̂ Portuguesa  |h [Recurso electrn̤ico] :  |b Anotaȯ̂ Sobre os Projectos, Regime Autonm̤ico e Representante da Repb︢lica para as Regie̳s Autn̤omas /  |c Arnaldo Ourique 
256 |a Servicio en ln̕ea 
260 |a Lisboa :  |b Universidade de Lisboa,  |c 2010 
300 |a 1 recurso electrn̤ico 
506 1 |a Contenido solo disponible en los productos indicados  |d vLex Global   |d vLex Global (Academic Edition, excluding Law Schools)   |d vLex Global (U.S. Academic Edition, Law Schools)   |d vLex Global (U.S. Academic Edition, excluding Law Schools)   |d vLex Global (Academic Edition, Law Schools)  
650 0 4 |a Derecho constitucional  |z Portugal 
740 0 |a vLex (Servicio en ln̕ea) 
856 4 0 |u http://vlex.com/source/oitava-revisao-constitui-ao-portuguesa-6503  |z Acceso restringido 
942 |c BOOK 
999 0 |a Constitucional law